<?xml version="1.0" encoding="UTF-8"?>
<record
    xmlns:xsi="http://www.w3.org/2001/XMLSchema-instance"
    xsi:schemaLocation="http://www.loc.gov/MARC21/slim http://www.loc.gov/standards/marcxml/schema/MARC21slim.xsd"
    xmlns="http://www.loc.gov/MARC21/slim">

  <leader>00612nam a22001937a 4500</leader>
  <controlfield tag="005">20220124085431.0</controlfield>
  <controlfield tag="008">220124b          gw ||||| |||| 00| 0 ger d</controlfield>
  <datafield tag="050" ind1="0" ind2="4">
    <subfield code="a">BL48 </subfield>
    <subfield code="b">O78 1932</subfield>
  </datafield>
  <datafield tag="100" ind1="1" ind2=" ">
    <subfield code="a">Otto, Rudolf </subfield>
    <subfield code="e">1869-1937</subfield>
  </datafield>
  <datafield tag="245" ind1=" " ind2=" ">
    <subfield code="a"> S&#xFC;nde und urschuld, : und andere aufs&#xE4;tze zur theologie / </subfield>
    <subfield code="c">Rudolf Otto  </subfield>
  </datafield>
  <datafield tag="246" ind1=" " ind2=" ">
    <subfield code="a"> Pecado y culpa original y otros ensayos sobre teolog&#xED;a</subfield>
  </datafield>
  <datafield tag="250" ind1=" " ind2=" ">
    <subfield code="a">6a edici&#xF3;n	 </subfield>
  </datafield>
  <datafield tag="260" ind1=" " ind2=" ">
    <subfield code="a">M&#xFC;nchen Alemania, </subfield>
    <subfield code="b">Beck, </subfield>
    <subfield code="c">1932.</subfield>
  </datafield>
  <datafield tag="300" ind1=" " ind2=" ">
    <subfield code="a">248 p. ; </subfield>
    <subfield code="c">23 cm.</subfield>
  </datafield>
  <datafield tag="650" ind1=" " ind2=" ">
    <subfield code="a">Teolog&#xED;a, Doctrinal.</subfield>
  </datafield>
  <datafield tag="650" ind1=" " ind2=" ">
    <subfield code="a">Pecado. </subfield>
  </datafield>
  <datafield tag="650" ind1=" " ind2=" ">
    <subfield code="a">Sacramentos.</subfield>
  </datafield>
  <datafield tag="942" ind1=" " ind2=" ">
    <subfield code="2">lcc</subfield>
    <subfield code="c">LIB</subfield>
  </datafield>
  <datafield tag="999" ind1=" " ind2=" ">
    <subfield code="c">159882</subfield>
    <subfield code="d">159880</subfield>
  </datafield>
  <datafield tag="952" ind1=" " ind2=" ">
    <subfield code="1">0</subfield>
    <subfield code="2">lcc</subfield>
    <subfield code="4">0</subfield>
    <subfield code="7">1</subfield>
    <subfield code="a">LIC-020</subfield>
    <subfield code="b">LIC-020</subfield>
    <subfield code="c">FLV</subfield>
    <subfield code="d">2022-01-24</subfield>
    <subfield code="f">6a ed.</subfield>
    <subfield code="k">EH</subfield>
    <subfield code="o">BL48 O78 1932</subfield>
    <subfield code="p">BFF000036511</subfield>
    <subfield code="r">2022-01-24 00:00:00</subfield>
    <subfield code="t">C.1</subfield>
    <subfield code="v">1.00</subfield>
    <subfield code="y">LIB</subfield>
  </datafield>
</record>
